Clic Les épouses des rois des Belges - Statistiques

Statistiques générales
  • Ce quiz a été pris 28 fois
  • Le résultat moyen est 5 sur 8
Statistiques - réponses
Hint Réponse % Correct
Fabiola de Mora y Aragón Baudouin
85%
Mathilde d’Udekem d’Acoz Philippe
85%
Paola Ruffo di Calabria Albert II
77%
Louise d'Orléans Léopold 1er
62%
Marie-Henriette de Habsbourg-Lorraine Léopold II
54%
Élisabeth en Bavière Albert Ier
46%
Lilian Baels Léopold III
46%
Astrid de Suède Léopold III
38%
Aucun quiz correspondant
Distribution des résultats
% des personnes avec chaque résultat
Percentile par nombre de réponses
Votre historique - résultats
Vous n’avez pas pris ce quiz